000 00553nam a2200205Ia 4500
005 20250508162140.0
008 008 250505s9999 xx 000 0 eng d
020 _a0-8016-0974-7
037 _aTextual
040 _aFEDL
_beng
_cFEDL
041 _aeng
_2eng
084 _a371.394, CHA
_qFEDL
100 _aCharles C M
_9772440
245 0 _aIndividualizing instruction
250 _a2
260 _aSt. Louis
_bThe C. V. Mosby Company
_c1980
300 _axiii,284p
942 _cTEXL
_h371.394, CHA
999 _c1374664
_d1374664